000 00837nam a2200253 a 4500
001 000016704
005 20200929164941.0
008 100309s1946 sp 000 0 spa d
040 _aDO-SdBNP
_bspa
_cBNPHU
082 _a808.5
_bT328i
100 1 _aTerrones Aguilar del Caño, Francisco,
_d1551-1613
_937057
245 1 0 _aInstrucción de predicadores /
_cFrancisco Terrones del Caño; Prólogo y notas del P. Félix G. Olmedo.
260 _aMadrid :
_bEspasa-Calpe,
_c1946.
300 _a166 p. ;
_c18 cm.
490 1 _aClásicos castellanos
_v126
500 _aIncluye notas al pie de las páginas.
650 4 _aRetórica
_96217
650 4 _aOratoria sagrada
_92408
650 4 _aSermones
_96631
700 1 _aOlmedo, Félix G.,
_cPról.
_937058
830 0 _aClásicos castellanos;
_v126
_94180
910 _aWM
049 _aBNGR
999 _c16236
_d16236